000 00419nam a2200145Ia 4500
008 231129s2008||||xx |||||||||||||| ||spa||
020 _a958-670-671-1
040 _bspa
082 _aCo861.6 F825s
100 _aFranco Zambrano ílvaro Neil
245 0 _aLa saga de los clavellinos
260 _c2008
264 _aPrograma Editorial Universidad del Valle
942 _2ddc
_cBKS
999 _c18172
_d18172